| 000 | 00341nam a2200145Ia 4500 | ||
|---|---|---|---|
| 005 | 20251222144846.0 | ||
| 008 | 251222s9999||||xx |||||||||||||| ||spa|| | ||
| 020 | _a88-17-14724-9 | ||
| 082 | _a233/B45/Ej.2 | ||
| 100 | _aBersanelli, Marco | ||
| 245 | 0 | _aSolo lo stupore conosce: | |
| 250 | _a2a.ed. | ||
| 264 | _bRCS Libri | ||
| 942 | _cLIB | ||
| 999 |
_c21407 _d21407 |
||